000 005190000a22002290004500
999 _c49068
_d49068
001 1915
003 CO-MdFUSB
005 20171006154849.0
008 170912b xxu||||| |||| 00| 0 eng d
020 _a978-958-30-2411-5
040 _cCO-MdBIC
082 0 4 _a790 H86as
100 1 _aGloria Jaramillo
110 1 _aPanameriana Editores
245 1 0 _aAnimales De la Sabana
260 _aChina
300 _a12 Pag
500 _aLibro Ilustrado
505 0 0 _aRompecabeza
650 1 4 _aAnimales
942 _cLGB